Search the Library Catalogue
| 000 -LEADER | |
|---|---|
| fixed length control field | 01291nam a2200181Ia 4500 |
| 008 - FIXED-LENGTH DATA ELEMENTS--GENERAL INFORMATION | |
| fixed length control field | 260302s9999 xx 000 0 und d |
| 020 ## - INTERNATIONAL STANDARD BOOK NUMBER | |
| ISBN | 9781858981130 |
| 082 ## - DEWEY DECIMAL CLASSIFICATION NUMBER | |
| Classification number | 338.9 |
| Item number | HAN |
| 100 ## - MAIN ENTRY--AUTHOR NAME | |
| Personal name | Hansen, Niles M. |
| 245 #0 - TITLE STATEMENT | |
| Title | Regional Policy and Regional Integration / |
| Statement of responsibility, etc | Hansen, Niles M.; Button, Kenneth John; Nijkamp, Peter |
| 260 ## - PUBLICATION, DISTRIBUTION, ETC. (IMPRINT) | |
| Name of publisher | Edward Elgar Publishing, |
| Year of publication | 1996 |
| 300 ## - PHYSICAL DESCRIPTION | |
| Number of Pages | 680 pages |
| 520 ## - SUMMARY, ETC. | |
| Summary, etc | Regional Policy and Regional Integrationreprints the most important papers on those government policies that have an intentional and formal geographic focus. These policies have typically been motivated by equity considerations such as reducing unemployment, increasing incomes, promoting structural adjustments or realizing development potentials. While the main objective of regional policy is to improve conditions in deprived areas, public resources must be used in such a way that these objectives are achieved efficiently. The topics covered in this important volume include regional integration and urban systems; income, amenities and welfare; infrastructure; manufacturing; services; innovative milieux; delineating planning regions and policy instruments. |
| 650 ## - SUBJECT ADDED ENTRY--TOPICAL TERM | |
| Topical Term | Business & Economics |
| 700 ## - ADDED ENTRY--PERSONAL NAME | |
| Personal name | Nijkamp, Peter |
| 942 ## - ADDED ENTRY ELEMENTS (KOHA) | |
| Koha item type | English Books |
| Withdrawn status | Lost status | Damaged status | Not for loan | Home library | Current library | Shelving location | Date acquired | Full call number | Accession Number | Price effective from | Koha item type |
|---|---|---|---|---|---|---|---|---|---|---|---|
| Anna Centenary Library | Anna Centenary Library | 4TH FLOOR, A WING | 02.03.2026 | 338.9 HAN | 358937 | 02.03.2026 | English Books |